Statistics for Largest Countries by Area - Shape Quiz

Click here to take the quiz!

General Stats

  • This quiz has been taken 19 times
  • The average score is 27 of 30

Answer Stats

Answer% Correct
Argentina
100%
Australia
100%
Brazil
100%
Canada
100%
China
100%
India
100%
Kazakhstan
100%
Russia
100%
United States
100%
D.R. Congo
94%
Indonesia
94%
Mexico
94%
Algeria
89%
Angola
89%
Iran
89%
Libya
89%
Mongolia
89%
Peru
89%
Saudi Arabia
89%
Sudan
89%
Chad
83%
Egypt
83%
Ethiopia
83%
Mali
83%
Niger
83%
South Africa
83%
Mauritania
72%
Colombia
67%
Tanzania
61%
Bolivia
56%

Score Distribution

Percentile by Number Answered

Percent of People with Each Score

Your Score History

You have not taken this quiz